00357pam a2200145a 44500008004100000020002400041082001700065100002400082245002100106250001200127260003200139300001000171906001100181999001900192230405s2007 xxu||||| |||| 00| 0 eng d a8184480741cRs. 270 a610.730bBAS aBasavanthappa, B.T. aNursing Research a2nd Ed. aNew DelhibJaypee Pubc2007 a574 p a000809 c249571d249571